| 000 | 01462cam a2200433 a 4500 | ||
|---|---|---|---|
| 001 | 21566 | ||
| 003 | VRT | ||
| 005 | 20260305085514.0 | ||
| 008 | 160610s2011 xo a j 000 0 slo | ||
| 015 | _aSNBA2012/04-02137 | ||
| 020 | _a9788080882877 (viaz.) | ||
| 035 | _a0F32236C-9283-42A9-B0D0-2110FC92FA3A | ||
| 035 | _aurn:nbn:sk:snk-aml3wm | ||
| 035 | _aurn:nbn:sk:snk-am008klv | ||
| 039 | 9 |
_a201606101631 _bVLOAD _c201207171523 _dmsnk38 _c201206260801 _dmsnk17 _c201206260758 _dmsnk17 |
|
| 040 |
_aSNK _bslo _cSNK _eAACR2 |
||
| 041 | 0 | _aslo | |
| 044 |
_axo _cSK |
||
| 072 | 7 |
_a821-93 _xLiteratúra pre deti a mládež (beletria) _2konspekt |
|
| 080 |
_a821-93 _22001 |
||
| 080 |
_a(0.025.2) _22001 |
||
| 100 | 1 |
_aBampton, Bob _4ill |
|
| 245 | 1 | 0 |
_aSvet zvierat _bpoznáš protiklady? _c[ilustrácie Bob Bampton ; text Daniela Reichstädterová] |
| 250 | _a1. vyd. | ||
| 260 |
_aBratislava _bMatys _c2011 |
||
| 300 |
_a[12] s. _bfareb. ilustr. _c23 cm |
||
| 500 | _aNáz. z obalu. Kartónové listy | ||
| 655 | 7 |
_aleporelá _2SNKPH |
|
| 655 | 7 |
_apublikácie pre deti _2SNKPH |
|
| 655 | 7 |
_aPicture books for children _2SNKPHeng |
|
| 655 | 7 |
_aChildren's literature _2SNKPHeng |
|
| 700 | 1 |
_aReichstädterová, Daniela _4aut |
|
| 910 | _asnk | ||
| 942 |
_2ddc _cKLDE _n0 |
||
| 949 |
_617A0879863 _asnkSC 148685 _bsnk2012/5819 _o703/12 _s6100:20160112 |
||
| 949 |
_617A0879864 _asnkSC 148685 D1 _bsnk2012/5820 _o703/12 |
||
| 980 | _a087.5 | ||
| 980 | _a(084) | ||
| 999 |
_c21566 _d21566 |
||